000 02217cam a22002294a 4500
005 20250605164123.0
008 250528s ||||||||||||||||||||||||d
035 _a18352
020 _a960351411Χ
040 _aGR-AtMCL
_bgre
_dGR-AtMCL
_eAACR2
245 1 _aΕισαγωγή στα Logistics / Β' Έκδοση
250 _a
260 _bΣταμούλης Α,
_c2004
300 _a336
505 0 _aΠρόλογος, Οι δυνάμεις αλλαγής των logistics, Στρατηγική επιχειρήσεων και Logistics, Ανάπτυξη Στρατηγικών Logistics, Επίλογές Marketing και Logistics, To περιβάλλον του Marketing, Διαδικασία Υποδοχής Παραγγελίας, Μεταφορές και Logistics, Θεσμικές και Οικονομικές Εξελίξεις, Έγγραφα και Όροι Μεταφοράς, Αποθήκες και Απόθεμα, Διαχείριση Αποθέματος, Διαχείριση Φορτίων και Συσκευασία, Το Εμπορευματοκιβώτιο - Container, Τηλεματικές Εφαρμογές, Το Τεχνολογικό Υπόβαθρο, Βιβλιογραφία.
520 _aΠρόλογος, Οι δυνάμεις αλλαγής των logistics, Στρατηγική επιχειρήσεων και Logistics, Ανάπτυξη Στρατηγικών Logistics, Επίλογές Marketing και Logistics, To περιβάλλον του Marketing, Διαδικασία Υποδοχής Παραγγελίας, Μεταφορές και Logistics, Θεσμικές και Οικονομικές Εξελίξεις, Έγγραφα και Όροι Μεταφοράς, Αποθήκες και Απόθεμα, Διαχείριση Αποθέματος, Διαχείριση Φορτίων και Συσκευασία, Το Εμπορευματοκιβώτιο - Container, Τηλεματικές Εφαρμογές, Το Τεχνολογικό Υπόβαθρο, Βιβλιογραφία.
700 1 _aΠαπαδημητρίου Στράτος
_94626
700 1 _aΣχινάς Ορέστης
_94627
942 _cBK
999 _c3714
_d3714